<?xml version="1.0" encoding="UTF-8"?>
<record
    xmlns:xsi="http://www.w3.org/2001/XMLSchema-instance"
    xsi:schemaLocation="http://www.loc.gov/MARC21/slim http://www.loc.gov/standards/marcxml/schema/MARC21slim.xsd"
    xmlns="http://www.loc.gov/MARC21/slim">

  <leader>01642nam a22002297a 4500</leader>
  <controlfield tag="001">6666</controlfield>
  <controlfield tag="003">FISKH</controlfield>
  <controlfield tag="005">20250519153952.0</controlfield>
  <controlfield tag="008">250519b        cb ||||| |||| 00| 0 eng d</controlfield>
  <datafield tag="040" ind1=" " ind2=" ">
    <subfield code="a">FISKH</subfield>
    <subfield code="b">khr</subfield>
    <subfield code="c">FISKH</subfield>
    <subfield code="d">FISKH</subfield>
  </datafield>
  <datafield tag="082" ind1=" " ind2=" ">
    <subfield code="a">300</subfield>
  </datafield>
  <datafield tag="100" ind1=" " ind2=" ">
    <subfield code="a">Simet, Chea</subfield>
  </datafield>
  <datafield tag="245" ind1=" " ind2=" ">
    <subfield code="a">&#x179F;&#x17C6;&#x178E;&#x17BD;&#x179A;-&#x1785;&#x17C6;&#x179B;&#x17BE;&#x1799; &#x179F;&#x17B7;&#x1780;&#x17D2;&#x179F;&#x17B6;&#x179F;&#x1784;&#x17D2;&#x1782;&#x1798; :</subfield>
    <subfield code="b">&#x179F;&#x17B8;&#x179B;&#x1792;&#x1798;&#x17CF; +&#x1796;&#x179B;&#x179A;&#x178A;&#x17D2;&#x178B;&#x179C;&#x17B7;&#x1787;&#x17D2;&#x1787;&#x17B6; &#x1782;&#x17C1;&#x17A0;&#x179C;&#x17B7;&#x1787;&#x17D2;&#x1787;&#x17B6; &#x1790;&#x17D2;&#x1793;&#x17B6;&#x1780;&#x17CB;&#x1791;&#x17B8; &#x17E1;&#x17E0;&#x200B; /</subfield>
    <subfield code="c">&#x1787;&#x17B6; &#x179F;&#x17BB;&#x17B8;&#x1798;&#x17C9;&#x17C1;&#x178F;&#x200B;</subfield>
  </datafield>
  <datafield tag="260" ind1=" " ind2=" ">
    <subfield code="a">&#x1797;&#x17D2;&#x1793;&#x17C6;&#x1796;&#x17C1;&#x1789; :</subfield>
    <subfield code="b">&#x179F;&#x17B6; &#x17A2;&#x17BB;&#x17B8;&#x1798;&#x200B;&#x200B; ,</subfield>
    <subfield code="c">&#x17E2;&#x17E0;&#x17E1;&#x17E1; .</subfield>
  </datafield>
  <datafield tag="300" ind1=" " ind2=" ">
    <subfield code="a">166 pages : </subfield>
    <subfield code="b">illustrations ;</subfield>
    <subfield code="c">15 cm . </subfield>
  </datafield>
  <datafield tag="520" ind1=" " ind2=" ">
    <subfield code="a">&#x179F;&#x17C0;&#x179C;&#x1797;&#x17C5;&#x1793;&#x17C1;&#x17C7;&#x1787;&#x17B6;&#x17A7;&#x1794;&#x1780;&#x179A;&#x178E;&#x17CD;&#x178A;&#x17CF;&#x1798;&#x17B6;&#x1793;&#x178F;&#x17C6;&#x179B;&#x17C3;&#x179F;&#x1798;&#x17D2;&#x179A;&#x17B6;&#x1794;&#x17CB;&#x1780;&#x17B6;&#x179A;&#x179F;&#x17B7;&#x1780;&#x17D2;&#x179F;&#x17B6;&#x1793;&#x17B7;&#x1784;&#x1780;&#x17B6;&#x179A;&#x1799;&#x179B;&#x17CB;&#x178A;&#x17B9;&#x1784;&#x17A2;&#x17C6;&#x1796;&#x17B8;&#x179F;&#x1784;&#x17D2;&#x1782;&#x1798; &#x1793;&#x17B7;&#x1784;&#x1794;&#x179A;&#x17B7;&#x179F;&#x17D2;&#x1790;&#x17B6;&#x1793;&#x17D4; &#x179C;&#x17B6;&#x1787;&#x17B6;&#x179C;&#x17B7;&#x1792;&#x17B8;&#x179F;&#x17B6;&#x179F;&#x17D2;&#x178F;&#x17D2;&#x179A;&#x178A;&#x17CF;&#x1798;&#x17B6;&#x1793;&#x1794;&#x17D2;&#x179A;&#x179F;&#x17B7;&#x1791;&#x17D2;&#x1792;&#x17B7;&#x1797;&#x17B6;&#x1796;&#x1780;&#x17D2;&#x1793;&#x17BB;&#x1784;&#x1780;&#x17B6;&#x179A;&#x1794;&#x1784;&#x17D2;&#x179A;&#x17C0;&#x1793; &#x1793;&#x17B7;&#x1784;&#x1794;&#x178E;&#x17D2;&#x178F;&#x17BB;&#x17C7;&#x1794;&#x178E;&#x17D2;&#x178F;&#x17B6;&#x179B;&#x179F;&#x17B7;&#x179F;&#x17D2;&#x179F;&#x17B2;&#x17D2;&#x1799;&#x1798;&#x17B6;&#x1793;&#x1785;&#x17BB;&#x17C7;&#x1785;&#x17BC;&#x179B;&#x179A;&#x17BD;&#x1798;&#x1799;&#x17C9;&#x17B6;&#x1784;&#x1785;&#x17D2;&#x1794;&#x17B6;&#x179F;&#x17CB;&#x179B;&#x17B6;&#x179F;&#x17CB;&#x1780;&#x17D2;&#x1793;&#x17BB;&#x1784;&#x179F;&#x17A0;&#x1782;&#x1798;&#x1793;&#x17CD; &#x1793;&#x17B7;&#x1784;&#x1787;&#x17B6;&#x17A2;&#x17D2;&#x1793;&#x1780;&#x1798;&#x17B6;&#x1793;&#x179F;&#x17B8;&#x179B;&#x1792;&#x1798;&#x17CC;&#x179B;&#x17D2;&#x17A2;&#x17D4;</subfield>
  </datafield>
  <datafield tag="520" ind1=" " ind2=" ">
    <subfield code="a">This book is a valuable resource for studying and understanding society and the environment. It is an effective method for teaching and training students to actively participate in the community and to be good moral citizens.</subfield>
  </datafield>
  <datafield tag="650" ind1=" " ind2=" ">
    <subfield code="a">&#x179F;&#x17B7;&#x1780;&#x17D2;&#x179F;&#x17B6;&#x179F;&#x1784;&#x17D2;&#x1782;&#x1798;</subfield>
  </datafield>
  <datafield tag="650" ind1=" " ind2=" ">
    <subfield code="a">Social Studies </subfield>
  </datafield>
  <datafield tag="942" ind1=" " ind2=" ">
    <subfield code="2">ddc</subfield>
    <subfield code="c">KHB</subfield>
    <subfield code="n">0</subfield>
  </datafield>
  <datafield tag="999" ind1=" " ind2=" ">
    <subfield code="c">6666</subfield>
    <subfield code="d">6666</subfield>
  </datafield>
  <datafield tag="952" ind1=" " ind2=" ">
    <subfield code="0">0</subfield>
    <subfield code="1">0</subfield>
    <subfield code="2">ddc</subfield>
    <subfield code="4">0</subfield>
    <subfield code="7">0</subfield>
    <subfield code="8">KH</subfield>
    <subfield code="a">002</subfield>
    <subfield code="b">002</subfield>
    <subfield code="c">SKB</subfield>
    <subfield code="d">2025-05-19</subfield>
    <subfield code="l">0</subfield>
    <subfield code="o">SIM 300</subfield>
    <subfield code="p">FISSE02661</subfield>
    <subfield code="r">2025-05-19 15:39:48</subfield>
    <subfield code="w">2025-05-19</subfield>
    <subfield code="y">KHB</subfield>
  </datafield>
</record>
